000
00339nam a22001457a 4500
008
221130b ||||| |||| 00| 0 eng d
020
_a
9780887252921
041
_a
eng
080
_2
SECOND EDITION
_a
615.83
082
_a
615.83STO
100
_a
16.2
101
_a
EGZ
245
_a
PERSONAL FITNESS FOR YOU
_c
STOKES R
942
_2
udc
_c
BK
999
_c
59044
_d
59044